ZEVO pod tlakem
Energetické zhodnotenie odpadu. Nakladanie s komunálnym odpadom. Prognóza spôsobov nakladania s komunálnym odpadom v ČR. Rast ZEVO (Zariadenie na energetické využitie odpadu) projektov. Aktuálny prehľad ZEVO projektov v ČR.
Uložené v:
| Hlavný autor: | |
|---|---|
| Médium: | Kapitola |
| Jazyk: | Czech |
| Predmet: | |
| Tagy: |
Žiadne tagy, Buďte prvý, kto otaguje tento záznam!
|
MARC
| LEADER | 00000naa a2200000 4500 | ||
|---|---|---|---|
| 001 | 0312047 | ||
| 005 | 20250903132404.8 | ||
| 041 | 0 | |a cze | |
| 044 | |a CZ | ||
| 245 | 1 | 0 | |a ZEVO pod tlakem |c Jan Krišpín |
| 520 | |a Energetické zhodnotenie odpadu. Nakladanie s komunálnym odpadom. Prognóza spôsobov nakladania s komunálnym odpadom v ČR. Rast ZEVO (Zariadenie na energetické využitie odpadu) projektov. Aktuálny prehľad ZEVO projektov v ČR. | ||
| 610 | 2 | 0 | |a odpad komunálny |
| 610 | 2 | 0 | |a hospodárstvo odpadové |
| 610 | 2 | 0 | |a využitie odpadu |
| 610 | 2 | 0 | |a energia |
| 610 | 2 | 0 | |a recyklácia odpadu |
| 610 | 2 | 0 | |a Česko |
| 100 | 1 | |a Krišpín, Jan | |